Loading...
| Fine Arts - Classical Music | 7 | 11.43 | 3,957% | 29% | 214% |
| Fine Arts - Other | 6 | 13.33 | 2,017% | 217% | 283% |
| Fine Arts - Painting & Sculpture | 4 | 10.00 | 2,125% | 0% | 425% |
| History - American | 6 | 11.67 | 600% | 317% | 300% |
| History - European | 6 | 11.67 | 1,417% | 400% | 250% |
| History - Other | 5 | 16.00 | 2,800% | 160% | 400% |
| History - World | 4 | 15.00 | 4,525% | 350% | 225% |
| Literature - American | 6 | 13.33 | 3,517% | 33% | 450% |
| Literature - British | 4 | 10.00 | 0% | 350% | 375% |
| Literature - European | 5 | 12.00 | 1,280% | 300% | 440% |
| Literature - World | 8 | 13.75 | 3,113% | 175% | 388% |
| Mythology | 2 | 15.00 | 3,200% | 400% | 400% |
| Other | 7 | 17.14 | 5,171% | 214% | 400% |
| Philosophy | 4 | 7.50 | 900% | 0% | 300% |
| Religion | 6 | 8.33 | 1,067% | 400% | 117% |
| Science - Biology | 4 | 12.50 | 3,625% | 200% | 425% |
| Science - Chemistry | 5 | 14.00 | 3,540% | 340% | 320% |
| Science - Other | 4 | 10.00 | 2,025% | 400% | 150% |
| Science - Physics | 4 | 20.00 | 1,600% | 600% | 400% |
| Social Science | 5 | 16.00 | 2,260% | 620% | 300% |